Private voluntary health insurance in development : (Record no. 12165)
[ view plain ]
| 000 -LEADER | |
|---|---|
| fixed length control field | 00557cam a22001934a 4500 |
| 020 ## - INTERNATIONAL STANDARD BOOK NUMBER | |
| ISBN | 082136619X |
| 020 ## - INTERNATIONAL STANDARD BOOK NUMBER | |
| ISBN | 0821366203 (eISBN) |
| 020 ## - INTERNATIONAL STANDARD BOOK NUMBER | |
| ISBN | 9780821366196 |
| 040 ## - CATALOGING SOURCE | |
| Transcribing agency | DLC |
| 082 00 - DEWEY DECIMAL CLASSIFICATION NUMBER | |
| Classification number | 368 WOR 2007 A019 Or. |
| 245 00 - TITLE STATEMENT | |
| Title | Private voluntary health insurance in development : |
| Remainder of title | friend or foe? / |
| 260 ## - PUBLICATION, DISTRIBUTION, ETC. (IMPRINT) | |
| Place of publication | Washington, D.C. : |
| Name of publisher | World Bank, |
| Year of publication | c2007. |
| 300 ## - PHYSICAL DESCRIPTION | |
| Number of Pages | xxvii, 424 p. : |
| Other physical details | ill. ; |
| Dimensions | 26 cm. |
| 650 #0 - SUBJECT ADDED ENTRY--TOPICAL TERM | |
| Topical Term | Health insurance |
| 700 1# - ADDED ENTRY--PERSONAL NAME | |
| Personal name | Preker, Alexander S., |
| 700 1# - ADDED ENTRY--PERSONAL NAME | |
| Personal name | Scheffler, Richard M. |
| 700 1# - ADDED ENTRY--PERSONAL NAME | |
| Personal name | Bassett, Mark C., |
| 942 ## - ADDED ENTRY ELEMENTS (KOHA) | |
| Koha item type | សៀវភៅភាសាអង់គ្លេស |
| 952 ## - LOCATION AND ITEM INFORMATION (KOHA) | |
| Withdrawn status [LOCAL, KOHA] | 0 |
| Permanent Location | Date acquired | Koha item type | Lost status | Shelving location | Barcode | Current Location | Full call number |
|---|---|---|---|---|---|---|---|
| Library Block A | 2017-08-10 | សៀវភៅភាសាអង់គ្លេស | A019 | A15948 | Library Block A | 368 WOR 2007 A019 Or. |